Detalles MARC
| 000 -CABECERA |
| campo de control de longitud fija |
01308nas a2200277 i 4500 |
| 001 - NÚMERO DE CONTROL |
| campo de control |
255427 |
| 005 - FECHA Y HORA DE LA ÚLTIMA TRANSACCIÓN |
| campo de control |
20260630161553.0 |
| 007 - CAMPO FIJO DE DESCRIPCIÓN FÍSICA--INFORMACIÓN GENERAL |
| campo de control de longitud fija |
ta |
| 008 - DATOS DE LONGITUD FIJA--INFORMACIÓN GENERAL |
| campo de control de longitud fija |
890206e1989 dr mn|p|r||||||0| | spa d |
| 040 ## - FUENTE DE LA CATALOGACIÓN |
| Centro catalogador/agencia de origen |
DO-SdBNP |
| Lengua de catalogación |
spa |
| Centro/agencia transcriptor |
BNPHU |
| Normas de descripción |
rda |
| 041 ## - CÓDIGO DE LENGUA |
| Código de lengua original |
spa |
| 245 ## - MENCIÓN DE TÍTULO |
| Título |
Tambor : |
| Resto del título |
mensuario literario y de interés general. |
| 260 ## - PUBLICACIÓN, DISTRIBUCIÓN, ETC. |
| Nombre del editor, distribuidor, etc. |
|
| 264 ## - PRODUCCIÓN, PUBLICACIÓN, DISTRIBUCIÓN, FABRICACIÓN Y COPYRIGHT |
| Producción, publicación, distribución, fabricación y copyright |
Santo Domingo, República Dominicana : |
| Nombre del de productor, editor, distribuidor, fabricante |
Imprenta Industria del Sobre, |
| Fecha de producción, publicación, distribución, fabricación o copyright |
1989. |
| 300 ## - DESCRIPCIÓN FÍSICA |
| Extensión |
volumen |
| Otras características físicas |
ilustraciones, cuadros, fotografías, mapas ; |
| Dimensiones |
21.5 cm. |
| 310 ## - PERIODICIDAD ACTUAL |
| Periodicidad actual |
Mensual. |
| 336 ## - TIPO DE CONTENIDO |
| Término de tipo de contenido |
texto |
| Código de tipo de contenido |
txt |
| Fuente |
rdacontent |
| 337 ## - TIPO DE MEDIO |
| Nombre/término del tipo de medio |
sin mediación |
| Código del tipo de medio |
n |
| Fuente |
rdamedia |
| 338 ## - TIPO DE SOPORTE |
| Nombre/término del tipo de soporte |
volumen |
| Código del tipo de soporte |
nc |
| Fuente |
rdacarrier |
| 362 ## - FECHAS DE PUBLICACIÓN Y/O DESIGNACIÓN SECUENCIAL |
| Fecha de publicación y/o designación secuencial |
Año 1. No. 1, enero 1989. |
| 500 ## - NOTA GENERAL |
| Nota general |
Catalogación basada en el: Año 1. No. 1, enero 1989. |
| 500 ## - NOTA GENERAL |
| Nota general |
Tambor en el primer número era mensuario literario y a partir del número 4 como revista literaria. |
| 520 ## - SUMARIO, ETC. |
| Sumario, etc. |
Tambor: es una revista más en la historia de la hemerografía nacional. Pretendemos, eso sí, que con la ayuda de Dios y de tods, su vida, la vida de Tambor como revista literaria y de interés general, vaya más allá de lo que vayan las vidas de quienes, con la inquietud de pretendidos buenos dominicanos, hoy le insuflan alientos de vida. |
| 650 #7 - PUNTO DE ACCESO ADICIONAL DE MATERIA--TÉRMINO DE MATERIA |
| Término de materia o nombre geográfico como elemento de entrada |
Literatura |
| 9 (RLIN) |
2834 |
| 942 ## - ELEMENTOS DE PUNTO DE ACCESO ADICIONAL (KOHA) |
| Fuente del sistema de clasificación o colocación |
Dewey Decimal Classification |
| Tipo de ítem Koha |
Publicación periódica |